Nationale, clubs de la saison 2023-2024. - Statistiques

Statistiques générales
  • Ce quiz a été pris 61 fois
  • Le résultat moyen est 11 sur 14
Statistiques - réponses
Classement 2023 Clubs % Correct
8e Stade niçois
95%
7e RC Narbonne
92%
6e US bressane
89%
15e (ProD2) US Carcassonne
86%
16e (ProD2) RC Massy
84%
3e SC Albi
81%
10e Stado Tarbes PR
73%
9e SO Chambéry
68%
11e RC Suresnes
68%
5e CS Bourgoin-Jallieu
65%
5e poule 1 (Nationale 2) CS Vienne
65%
1er poule 2 (Nationale 2) CA Périgueux
65%
4e Blagnac rugby
62%
12e RC Hyères Carqueiranne La Crau
59%
Aucun quiz correspondant
Distribution des résultats
% des personnes avec chaque résultat
Percentile par nombre de réponses
Votre historique - résultats
Vous n’avez pas pris ce quiz